[Event "ECF Schools-ch"]
[Site "Nottingham"]
[Date "2024.06.27"]
[Round "2.2"]
[White "Pichugov, Andrey"]
[Black "De Silva, Sithun"]
[Result "1-0"]
[WhiteElo "2029"]
[BlackElo "1776"]
[PlyCount "90"]
[EventDate "2024.06.27"]
[EventType "team-swiss"]
[EventRounds "5"]
[EventCountry "ENG"]
[SourceTitle "EXT 2025"]
[Source "ChessBase"]
[SourceDate "2024.10.14"]
[SourceVersion "1"]
[SourceVersionDate "2024.10.14"]
[SourceQuality "1"]
[WhiteTeam "City of London School"]
[BlackTeam "Altrincham Grammar School"]
[WhiteTeamCountry "ENG"]
[BlackTeamCountry "ENG"]

1. d4 d5 2. Bf4 Nf6 3. e3 c5 4. c3 Nc6 5. Nd2 Bf5 6. Qb3 Qb6 7. dxc5 Qxb3 8. axb3 e5 9. Bg3 Bxc5 10. Ngf3 Nd7 11. b4 Bd6 12. Nd4 exd4 13. Bxd6 dxe3 14. fxe3 Nce5 15. h3 Nd3+ 16. Bxd3 Bxd3 17. Nf3 f6 18. Ra5 Nb6 19. b3 a6 20. Kd2 Be4 21. Bc7 Nd7 22. Rg1 Rc8 23. Bd6 Rc6 24. Bc5 Nxc5 25. Rxc5 Rxc5 26. bxc5 Bxf3 27. gxf3 g6 28. Kd3 Kd7 29. Kd4 Kc6 30. Ra1 Re8 31. Ra4 Re5 32. Rb4 Rf5 33. f4 h5 34. Rb6+ Kc7 35. Rd6 g5 36. fxg5 fxg5 37. Rxd5 Rxd5+ 38. Kxd5 g4 39. hxg4 hxg4 40. Ke4 Kc6 41. Kf4 Kxc5 42. Kxg4 b5 43. b4+ Kc4 44. e4 Kxc3 45. e5 Kxb4 1-0